Moral Imagination and Character Development. Volume III: Imagination in religion and social life

Gespeichert in:
Bibliographische Detailangaben
1. Verfasser: McLean, George F., ed.; White, John K., ed
Format: Buch
Sprache:Undetermined
Veröffentlicht: Washington, Estados Unidos The Council for Research in Values and Philosophy 2003
Schlagworte:
Tags: Tag hinzufügen
Keine Tags, Fügen Sie den ersten Tag hinzu!

MARC

LEADER 00000nam a2200000Ia 4500
008 170316s9999 xx 000 0 und d
090 |a 100 M-72m 
100 |a McLean, George F., ed.; White, John K., ed. 
245 |a Moral Imagination and Character Development. Volume III: Imagination in religion and social life 
260 |a Washington, Estados Unidos 
260 |b The Council for Research in Values and Philosophy 
260 |c 2003 
300 |a 296 páginas 
650 |a FILOSOFÍA 
650 |a IMAGINACIÓN 
650 |a RELIGIÓN 
999 |c 17124  |d 17124 
040 |a cru BVZT 
942 |c 15 D  |h 100 M-72m  |2 z